000 01025nam a2200229Ia 4500
003 Ost
005 20260507075632.0
008 260507s9999||||xx |||||||||||||| ||und||
020 _a2755526977
040 _cfsecg
041 _aara
082 _a330.121
100 _aفياض، عطية
_eمؤلف
245 0 _aسوق الأوراق المالية في ميزان الفقه الإسلامي :
_bدراسة مقارنة بين الفقه الاسلامي والقانون الوضعي /
_c عطية فياض
260 _aالقاهرة:
_bدار النشر للجامعات,
_c1998
300 _a397 صفحة؛
_c24 سم
520 _aتجد في هذا الكتاب : مفهوم الأسواق المالية ، الأوراق المالية في ميزان الفقه الإسلامي ، نظام التعامل في سوق الأوراق المالية
653 _aالأسواق المالية
653 _aالإقتصاد الإسلامي
653 _aالقانون الوضعي
942 _cكتاب
999 _c45231
_d45231